Every Penske IndyCar / CART / USAC driver - Statistics

General Stats
  • This quiz has been taken 27 times
    7 since last reset
  • The average score is 19 of 39
Answer Stats
# of Races Nation Driver % Correct
310 Brazil Helio Castroneves
100%
158 USA Josef Newgarden
100%
52 Colombia Juan Pablo Montoya
100%
83 Australia Ryan Briscoe
100%
94 New Zealand Scott Mclaughlin
100%
113 France Simon Pagenaud
100%
272 Australia Will Power
100%
9 USA David Malukas
83%
76 Canada Paul Tracy
83%
59 USA Al Unser
67%
101 USA Al Unser Jr.
67%
36 USA Bobby Unser
67%
97 Brazil Emerson Fittipaldi
67%
71 Brazil Gil de Ferran
67%
3 USA Johnny Rutherford
67%
23 USA Mario Andretti
67%
190 USA Rick Mears
67%
91 USA Danny Sullivan
50%
26 USA Gary Bettenhausen
50%
1 Uruguay Gonzalo Rodriguez
50%
1 Denmark Jan Magnussen
50%
64 USA Sam Hornish Jr.
50%
1 UK David Hobbs
33%
1 USA Gordon Johncock
33%
11 USA Kevin Cogan
33%
54 USA Tom Sneva
33%
3 USA Alex Barron
17%
8 USA Bill Alsup
17%
6 USA Bobby Allison
17%
1 Australia Geoff Brabham
17%
29 USA Mark Donohue
17%
5 USA Mike Hiss
17%
1 Spain Oriol Servia
17%
6 Brazil Tarso Marques
17%
5 USA A.J. Allmendinger
0%
18 Brazil Andre Ribeiro
0%
1 Italy Max Papis
0%
2 New Zealand Mike Thackwell
0%
3 USA Tom Gloy
0%
No matching quizzes found
Score Distribution
Percent of People with Each Score
Percentile by Number Answered
Your Score History
You have not taken this quiz since the last reset